Marketing insights for the asia pacific / (Record no. 344709)

000 -LEADER
fixed length control field 00869 a2200217 4500
020 ## - INTERNATIONAL STANDARD BOOK NUMBER
International Standard Book Number 9971645327
020 ## - INTERNATIONAL STANDARD BOOK NUMBER
International Standard Book Number 9789971645328
090 ## - LOCALLY ASSIGNED LC-TYPE CALL NUMBER (OCLC); LOCAL CALL NUMBER (RLIN)
-- 2207
-- 2207
100 1# - MAIN ENTRY--PERSONAL NAME
Personal name Leong, Siew Meng.
245 10 - TITLE STATEMENT
Title Marketing insights for the asia pacific /
Statement of responsibility, etc. Siew Meng Leong.
250 ## - EDITION STATEMENT
Edition statement 2nd ed.
260 ## - PUBLICATION, DISTRIBUTION, ETC.
Place of publication, distribution, etc. [S.l.] :
Name of publisher, distributor, etc. Butterworth-Heinemann,
Date of publication, distribution, etc. 1997.
300 ## - PHYSICAL DESCRIPTION
Extent 332 p. ;
Dimensions 24 cm.
500 ## - GENERAL NOTE
General note Paperback.
520 ## - SUMMARY, ETC.
Summary, etc. A comprehensive treatment of the nature of marketing in the Asia Pacific region. This text incorporates a collection of 25 articles from various journals and magazines.
700 1# - ADDED ENTRY--PERSONAL NAME
Personal name Ang, Swee Hoon.
700 1# - ADDED ENTRY--PERSONAL NAME
Personal name Tan, Chin Tiong.
856 40 - ELECTRONIC LOCATION AND ACCESS
Materials specified Amazon.com
Uniform Resource Identifier <a href="http://www.amazon.com/exec/obidos/ASIN/9971645327/chopaconline-20">http://www.amazon.com/exec/obidos/ASIN/9971645327/chopaconline-20</a>
856 40 - ELECTRONIC LOCATION AND ACCESS
Materials specified Amazon customer reviews
Uniform Resource Identifier <a href="http://www.chopac.org/cgi-bin/tools/azrev.pl?q=9971645327">http://www.chopac.org/cgi-bin/tools/azrev.pl?q=9971645327</a>
942 ## - ADDED ENTRY ELEMENTS (KOHA)
Institution code [OBSOLETE] NBS
Koha item type Book
Call number prefix 658.8 LEO
Holdings
Withdrawn status Lost status Damaged status Not for loan Permanent Location Current Location Date acquired Total Checkouts Full call number Barcode Date last seen Price effective from Koha item type
        Central Library (CL) Central Library (CL) 08/28/2013   658.8 LEO NBS1882 01/01/2024 08/28/2013 Book
© 2023 Central Library, National University of Sciences and Technology. All Rights Reserved.